| 000 | 00457cam a2200181ua 4500 | ||
|---|---|---|---|
| 020 |
_a81-7141-216-5 _c450.00 |
||
| 041 |
_aeng _h |
||
| 082 |
_a551 _bGRE/ST |
||
| 100 | _aGrew, E S . | ||
| 245 |
_aStudy of modern geology / _cE S Grew. _hTextual Documents |
||
| 260 |
_aNewdelhi : _bDiscovery publishing house , _c1993. |
||
| 300 | _a306 ; . | ||
| 365 | _a450.00 | ||
| 500 | _a**Reference | ||
| 504 | _a | ||
| 942 | _cBK | ||
| 999 |
_c10779 _d10779 |
||